Trouve les méchants de films - Statistiques

Statistiques générales
  • Ce quiz a été pris 68 fois
  • Le résultat moyen est 9 sur 16
Statistiques - réponses
Par images Réponse % Correct
Joker
97%
Dark Vador
95%
Thanos
92%
Voldemort
92%
Sauron
79%
Hannibal Lecter
76%
Le Bouffon Vert
65%
Pennywise
46%
Xénomorphe
44%
Dracula
41%
T-1000
37%
Michael Myers
35%
Commode
33%
Hans Landa
25%
Calvin Candie
14%
John Doe
13%
Aucun quiz correspondant
Distribution des résultats
% des personnes avec chaque résultat
Percentile par nombre de réponses
Votre historique - résultats
Vous n’avez pas pris ce quiz